Practical game development with unity and blender / (Record no. 22415)
[ view plain ]
| 000 -LEADER | |
|---|---|
| fixed length control field | 01093cam a2200337 i 4500 |
| 001 - CONTROL NUMBER | |
| control field | 18097347 |
| 003 - CONTROL NUMBER IDENTIFIER | |
| control field | EG-ScBUE |
| 005 - DATE AND TIME OF LATEST TRANSACTION | |
| control field | 20230309095945.0 |
| 008 - FIXED-LENGTH DATA ELEMENTS--GENERAL INFORMATION | |
| fixed length control field | 140331t2015 maua f 001 0 eng d |
| 020 ## - INTERNATIONAL STANDARD BOOK NUMBER | |
| International Standard Book Number | 9781305074705 |
| 020 ## - INTERNATIONAL STANDARD BOOK NUMBER | |
| International Standard Book Number | 130507470X |
| 040 ## - CATALOGING SOURCE | |
| Original cataloging agency | DLC |
| Language of cataloging | eng |
| Description conventions | rda |
| Transcribing agency | DLC |
| Modifying agency | EG-ScBUE |
| -- | EG-ScBUE |
| 082 04 - DEWEY DECIMAL CLASSIFICATION NUMBER | |
| Edition number | 22 |
| Classification number | 794.81526 |
| Item number | THO |
| 100 1# - MAIN ENTRY--PERSONAL NAME | |
| Personal name | Thorn, Alan, |
| Relator term | author. |
| 9 (RLIN) | 41248 |
| 245 10 - TITLE STATEMENT | |
| Title | Practical game development with unity and blender / |
| Statement of responsibility, etc | Alan Thorn. |
| 264 ## - PUBLICATION, DISTRIBUTION, ETC. (IMPRINT) | |
| Place of publication, distribution, etc | Boston, MA : |
| Name of publisher, distributor, etc | Cengage Learning, |
| Date of publication, distribution, etc | [2015] |
| 264 #4 - PUBLICATION, DISTRIBUTION, ETC. (IMPRINT) | |
| Date of publication, distribution, etc | c2015 |
| 300 ## - PHYSICAL DESCRIPTION | |
| Extent | xviii, 334 pages : |
| Other physical details | illustrations ; |
| Dimensions | 24 cm |
| 490 0# - SERIES STATEMENT | |
| Series statement | Game development |
| 500 ## - GENERAL NOTE | |
| General note | Includes index.<br/> |
| 501 ## - WITH NOTE | |
| With note | Includes appendix.<br/> |
| 546 ## - LANGUAGE NOTE | |
| Language note | Text in English ; summary in English. |
| 650 #7 - SUBJECT ADDED ENTRY--TOPICAL TERM | |
| Topical term or geographic name as entry element | Three-dimensional display systems. |
| Source of heading or term | BUEsh |
| 9 (RLIN) | 37703 |
| 650 #7 - SUBJECT ADDED ENTRY--TOPICAL TERM | |
| 9 (RLIN) | 22645 |
| Topical term or geographic name as entry element | Video games |
| General subdivision | Design. |
| Source of heading or term | BUEsh |
| 650 #7 - SUBJECT ADDED ENTRY--TOPICAL TERM | |
| 9 (RLIN) | 12480 |
| Topical term or geographic name as entry element | Computer games |
| General subdivision | Programming. |
| Source of heading or term | BUEsh |
| 650 #7 - SUBJECT ADDED ENTRY--TOPICAL TERM | |
| 9 (RLIN) | 3615 |
| Topical term or geographic name as entry element | Computer graphics. |
| Source of heading or term | BUEsh |
| 651 ## - SUBJECT ADDED ENTRY--GEOGRAPHIC NAME | |
| Source of heading or term | BUEsh |
| 653 ## - INDEX TERM--UNCONTROLLED | |
| Resource For college | Informatics and Computer Science |
| Arrived date list | September2016 |
| -- | October2016 |
| 655 ## - INDEX TERM--GENRE/FORM | |
| Form subdivision | Text book |
| 942 ## - ADDED ENTRY ELEMENTS (KOHA) | |
| Source of classification or shelving scheme | Dewey Decimal Classification |
| Koha item type | Book - Borrowing |
| Withdrawn status | Lost status | Source of classification or shelving scheme | Damaged status | Not for loan | Collection code | Home library | Current library | Shelving location | Date acquired | Source of acquisition | Cost, normal purchase price | Total Checkouts | Full call number | Barcode | Date last seen | Koha item type | Total Renewals | Date checked out | Price effective from |
|---|---|---|---|---|---|---|---|---|---|---|---|---|---|---|---|---|---|---|---|
| Dewey Decimal Classification | Baccah | Central Library | Central Library | Second Floor | 26/09/2016 | Purchase | 620.00 | 794.81526 THO | 000033704 | 15/07/2025 | NB - Book (Non borrowing) | ||||||||
| Dewey Decimal Classification | Baccah | Central Library | Central Library | Second Floor | 26/09/2016 | Purchase | 620.00 | 1 | 794.81526 THO | 000033705 | 15/07/2025 | Book - Borrowing | 4 | 22/10/2016 | |||||
| Dewey Decimal Classification | Baccah | Central Library | Central Library | Second Floor | 26/09/2016 | Purchase | 1 | 794.81526 THO | 000033706 | 15/07/2025 | Book - Borrowing | 14 | 16/12/2024 | 26/09/2016 | |||||
| Dewey Decimal Classification | Baccah | Central Library | Central Library | Second Floor | 26/09/2016 | Purchase | 1 | 794.81526 THO | 000033707 | 15/07/2025 | Book - Borrowing | 18 | 03/10/2024 | 26/09/2016 | |||||
| Dewey Decimal Classification | Baccah | Central Library | Central Library | Second Floor | 26/09/2016 | Purchase | 2 | 794.81526 THO | 000033708 | 15/07/2025 | Book - Borrowing | 9 | 06/04/2021 | 26/09/2016 | |||||
| Dewey Decimal Classification | Baccah | Central Library | Central Library | Second Floor | 26/09/2016 | Purchase | 1 | 794.81526 THO | 000033709 | 15/07/2025 | Book - Borrowing | 01/11/2020 | 26/09/2016 | ||||||
| Dewey Decimal Classification | Baccah | Central Library | Central Library | Second Floor | 11/10/2016 | Purchase | 1 | 794.81526 THO | 000034005 | 15/07/2025 | Book - Borrowing | 14/11/2018 | |||||||
| Dewey Decimal Classification | Baccah | Central Library | Central Library | Second Floor | 11/10/2016 | Purchase | 794.81526 THO | 000034006 | 15/07/2025 | Book - Borrowing | 11/10/2016 |